| 000 | 00692nam a2200193 i 4500 | ||
|---|---|---|---|
| 001 | 57426 | ||
| 003 | ES-MaACL | ||
| 005 | 20250930063054.0 | ||
| 007 | t| | ||
| 008 | 031016s1904 fr ||||1| fre d | ||
| 100 | 1 |
_aDöllinger, Ignaz von, _d1799-1890 _9166933 |
|
| 245 | 1 | 3 |
_aLa papauté _b: son origine au Mogen age et son développement jusgn'en 1870 / _cpar Ignace de Doellinger ; avec notes et documents de J. Friefrich ; traduir de l'allemand par A. Giraud-Teulon. |
| 260 |
_aParis : _bAlcan, _c1907. |
||
| 300 |
_aXXIII, 474 p. ; _c23 cm. |
||
| 700 | 1 |
_aFriedrich, J. _952653 |
|
| 700 | 1 |
_aGiraud-Teulon, A. _957246 |
|
| 852 |
_aES-MaACL _jG-7162 |
||
| 999 |
_c57426 _d57426 |
||